| Tag |
First Indicator |
Second Indicator |
Subfields |
| LEADER |
00000cam a2200000 4500 |
| 001 |
in00000021789 |
| 005 |
20151007063732.0 |
| 008 |
720414r1966 mau 00000 eng u |
| 010 |
|
|
|a 66011224
|
| 035 |
|
|
|a (OCoLC)00285034
|
| 035 |
|
|
|9 AAD8125AM
|
| 040 |
|
|
|c WSU
|d TXA
|d UtOrBLW
|
| 049 |
|
|
|a TXAM
|c [464274]
|
| 050 |
|
0 |
|a PS3523.A2663
|b A6 1966
|
| 092 |
|
|
|a 814
|b L159m
|
| 100 |
1 |
|
|a La Farge, Oliver,
|d 1901-1963.
|
| 245 |
1 |
4 |
|a The man with the calabash pipe ;
|b some observations /
|c Edited and with an introd. by Winfield Townley Scott.
|
| 264 |
|
1 |
|a Boston :
|b Houghton Mifflin,
|c 1966.
|
| 300 |
|
|
|a xxi, 246 pages ;
|c 22 cm.
|
| 336 |
|
|
|a text
|b txt
|2 rdacontent
|
| 337 |
|
|
|a unmediated
|b n
|2 rdamedia
|
| 338 |
|
|
|a volume
|b nc
|2 rdacarrier
|
| 500 |
|
|
|a Selected from the author's weekly column in the New Mexican, from 1950-1963.
|
| 700 |
1 |
|
|a Scott, Winfield Townley,
|d 1910-1968.
|
| 730 |
0 |
|
|a Weekly New Mexican, Santa Fe.
|
| 999 |
|
|
|a MARS
|
| 999 |
f |
f |
|s 7c9d9ab1-c713-3bfb-a6ee-22ca1b58c9c7
|i f420bbfc-08ce-34f6-9e13-8a847b52de8e
|t 0
|
| 952 |
f |
f |
|p ric
|a Texas A&M University
|b Rellis Campus
|c Joint Library Facility
|d Remote Storage
|t 0
|e PS3523.A2663 A6 1966
|h Library of Congress classification
|i unmediated -- volume
|m A14801258530
|
| 998 |
f |
f |
|a PS3523.A2663 A6 1966
|t 0
|l Remote Storage
|